| 000 | 00420nam a2200157Ia 4500 | ||
|---|---|---|---|
| 008 | 151213s9999 xx 000 0 und d | ||
| 020 | _a984-8120-10-9 | ||
| 100 | _aArih Aku Matubbar | ||
| 245 |
_aThe Quest For Truth _cArih Aku Matubbar |
||
| 260 |
_aDhaka _bPathak Shamabesh _c1998 |
||
| 300 | _a8497 p. | ||
| 650 | _aEnglish Literature | ||
| 650 | _aEnglish Literature | ||
| 700 | _aArih Aku Matubbar | ||
| 999 |
_c4334 _d4334 |
||